| 000 | 01066nam a2200301 c 4500 | ||
|---|---|---|---|
| 999 |
_c425127 _d425127 |
||
| 003 | BLK | ||
| 005 | 20211008095232.0 | ||
| 008 | 180408b bul|||||r ||||||| ||bul|| | ||
| 010 | _aKNG00085263000 | ||
| 020 | _a9789540915302 | ||
| 040 | _aBLK | ||
| 041 |
_aBUL _cBUL |
||
| 080 |
_aБългарска литература _b821.163.2 _x-32 _z821.163.2-32 |
||
| 080 |
_aБългарска литература _b821.163.2 _z821.163.2-31 _x-31 |
||
| 100 | 1 |
_aГеоргиев, Стоян _eпърви автор _9363688 |
|
| 139 |
_aГеоргиев, Стоян _bГ 37 |
||
| 245 | 1 | 0 |
_aГорчив коктейл _bразкази |
| 245 | 1 | 0 |
_aМитническа сага _bРоман _cСтоян Георгиев |
| 257 | _aBGR | ||
| 260 |
_bЗахарий Стоянов _c2021 _9209473 _aСофия _n978-954-739- ; 978-954-09- ; 954-9559- |
||
| 300 |
_a446 с. _bс портр. _c20 см |
||
| 380 | _aX | ||
| 500 | _aПълното име на авт. е Стоян Георгиев Стоянов. - 1. изд. 2002 на изд. Аргус | ||
| 852 |
_aЦб 308278 _bЦб |
||
| 852 |
_bП _c821.163.2-32/Г37С |
||
| 942 |
_cKNG _n0 _s1 _01 |
||
| 944 |
_aCR _c2021-07-23 _kВ. Т. |
||
| 999 | _d425127 | ||
| 999 | _d425127 | ||